Statistics for Which sport are we watching?!

Click here to take the quiz!

General Stats

  • This quiz has been taken 41 times
  • The average score is 10 of 12

Answer Stats

Match-up Sport % Correct
Cardinals vs. JetsNFL
100%
Giants vs. RangersMLB
97%
Panthers vs. RangersNHL
94%
Jets vs. KingsNHL
94%
Giants vs. JetsNFL
94%
Kings vs. PanthersNHL
94%
Jets. vs. RangersNHL
77%
Giants vs. PanthersNFL
71%
Cardinals vs. PanthersNFL
66%
Cardinals vs. RangersMLB
63%
Kings vs. RangersNHL
57%
Jets vs. PanthersNFL
51%

Score Distribution

Percentile by Number Answered

Percent of People with Each Score

Your Score History

You have not taken this quiz